Match Led Zeppelin songs to the album by its cover - Statistics

General Stats
  • This quiz has been taken 26 times
  • The average score is 16 of 20
Answer Stats
Hint Answer % Correct
Immigrant Song
91%
Stairway To Heaven
91%
Black Dog
91%
Kashmir
91%
Good Times Bad Times
91%
Dazed And Confused
91%
Whole Lotta Love
91%
Rock And Roll
82%
When The Levee Breaks
82%
Over The Hills And Far Away
77%
Tangerine
77%
Going To California
77%
Ramble On
77%
D'yer Mak'er
73%
Heartbreaker
73%
All My Love
68%
Custard Pie
64%
Since I've Been Loving You
59%
Fool In The Rain
55%
Thank You
55%
No matching quizzes found
Score Distribution
Percent of People with Each Score
Percentile by Number Answered
Your Score History
You have not taken this quiz